000 00686nam a2200229 a 4500
001 000011956
005 20240412074229.0
008 091102s1973 dr 000 j spa d
040 _aDO-SdBNP
_bspa
_cBNPHU
082 _aRD863.44
_bC292c, 1973
100 1 _aCaro, Néstor
_928234
245 1 0 _aCielo negro /
_cNéstor Caro.
250 _a2a. ed. ampliada
260 _aSanto Domingo :
_bTaller,
_c1973.
300 _a118 p. :
_b20 cm.
490 1 _aBiblioteca taller
_v22
590 _aInventariado, 2020/VM
650 0 _aCuentos dominicanos
_9176
650 0 _aLiteratura dominicana.
_967
830 1 _aBiblioteca taller
_v22
_9164
910 _aValidado. Control de calidad MMOLINA
999 _c11626
_d11626